[Event "Reggio Emilia 0001 43th"]
[Site "Reggio Emilia"]
[Date "2001.01.01"]
[Round "3"]
[White "Vezzosi, Paolo"]
[Black "Tomescu, Vlad"]
[Result "0-1"]
[WhiteElo "2421"]
[BlackElo "2432"]
[Annotator "Ribli,Z"]
[PlyCount "66"]
[EventDate "2000.12.30"]
[EventType "tourn"]
[EventRounds "9"]
[EventCountry "ITA"]
[EventCategory "8"]
[SourceTitle "CBM 081"]
[Source "ChessBase"]
[SourceDate "2001.03.20"]
[SourceVersion "1"]
[SourceVersionDate "2001.03.20"]
[SourceQuality "1"]

1. c4 e5 2. g3 Nc6 3. Bg2 Nf6 4. Nc3 Bc5 (4... Bb4 5. Nd5 $14) 5. e3 d5 $5 {
Mit diesem interessanten vorübergehenden Bauernopfer strebt Schwarz unklare
Verwicklungen an. Andernfalls - wenn das Feld d5 unter der Kontrolle von Weiß
bleibt - ist es schwer für ihn, aktives Gegenspiel zu bekommen.} (5... O-O 6.
Nge2 d5 7. Nxd5 Nxd5 8. cxd5 Nb4 9. O-O Nxd5 10. Qc2 Qd6 11. a3 a5 12. Nc3 Nxc3
13. bxc3 Qe7 14. d4 $14) 6. Nxd5 Nxd5 7. cxd5 (7. Bxd5 $5 Nb4 8. Be4 Nd3+ $5 (
8... f5 9. a3 $1 Nd3+ 10. Bxd3 Qxd3 11. Qe2 Qb3 12. d4 Bb6 13. Nf3 Ba5+ 14. Kf1
e4 15. Ne5 O-O 16. Kg2 $14 c5 17. Qd1 Qb6 18. b4 {1/2-1/2 Morris,C-Miles,A/
England 1997/EXT 99 (50)}) 9. Ke2 $5 (9. Bxd3 Qxd3 10. Qe2 Qg6) 9... Nxc1+ 10.
Rxc1 O-O 11. Bg2 f5 12. f4 exf4 13. gxf4 g5 14. Nh3 g4 15. Nf2 Re8 16. Nd3 Bf8
17. Bd5+ Kh8 18. Ne5 {1-0 Bakutin,A-Tishin,P/Donskoj 2000/CBM 79 ext (35)})
7... Nb4 {Es droht 8...Nxd5 und gleichzeitig 8...Nd3+. Schwarz bekommt aktives
Spiel, weil die weißen Felder in der weißen Stellung geschwächt sind.} 8. Qb3 {
Dieser Zug ist insofern logisch, als die weiße Dame zugleich die Felder d3 und
d5 kontrolliert. Andererseits aber steht die weiße Dame auf b3 exponiert. Ich
halte es daher für besser, den Pd5 aufzugeben und statt dessen die Entwicklung
zu beenden.} (8. d3 O-O (8... Nxd5 9. Nf3 Qf6 10. O-O O-O 11. Qb3 c6 12. e4 Nb6
13. Qc3 Bd6 14. Bg5 Qg6 15. Be3 {1-0 Markowski,T-Jaracz,P/Plock 2000/CBM 78/
[Konikowski] (30)}) 9. a3 (9. e4 f5 $40 {>< f2}) 9... Nxd5 10. Nf3 Re8 11. O-O
Bb6 12. b3 (12. Bd2 $5 Bg4 13. Rc1 $13) 12... Bg4 13. Bb2 {Ribli. 1-0 Brunner,
L-Hodgson,J/Biel 1995/CBM 49/[Ribli] (39)}) 8... c6 9. Ne2 (9. d4 $5 exd4 10.
exd4 Bf5 (10... Be7 11. dxc6 bxc6 12. Ne2 Ba6 13. O-O O-O $13) 11. dxc5 Nc2+
12. Kf1 Nxa1 13. Qxb7 O-O $13) (9. dxc6 $6 bxc6 $44 {[%csl Yd3][%cal Rb4d3,
Rd3e1,Gc8a6,Ga6f1]}) 9... Nxd5 10. O-O O-O 11. Qc4 $6 {Dieser Zug gefällt mir
nicht - die Dame steht unglücklich auf c4. Das genügsame 11.Qc2 scheint mir
besser.} (11. a3 Bb6 12. Qa4 (12. Nc3 Be6 13. Qc2 Nxc3 14. Qxc3 f6 15. b4 Qd7
16. f4 exf4 17. Rxf4 Rad8 18. d4 Bd5 {1/2-1/2 Hernandez,J-Hernando Rodrigo,J/
Badalona 2000/EXT 2001 (43)}) 12... Bf5 13. e4 Bg4 14. exd5 Bxe2 15. Re1 Bd3
16. dxc6 Qf6 17. Re3 Bxe3 18. dxe3 bxc6 19. Bd2 Bb5 20. Qe4 Qe6 21. Bc3 f6 22.
a4 Bc4 23. Qxc6 Qxc6 24. Bxc6 Rac8 25. Bf3 Rfd8 {0-1 Rodriguez Garcia,
M-Korneev,O/Leon 1998/EXT 99 (65)}) (11. Nc3 Nb4 12. d4 exd4 13. exd4 Be6 $17 (
13... Qxd4 14. Be3 Qe5 15. Bxc5 Qxc5 16. a3 Na6 17. Rfe1 $44)) (11. Qc2 Bb6 12.
a3 $11) 11... Bb6 12. b3 Be6 $15 {[%csl Rc4][%cal Ge6c4][%mdl 2048]} 13. Qa4 (
13. Qe4 Bc7 $15 {[%csl Re4][%cal Gf7f5]}) (13. Qc2 Nb4 $15 {[%csl Rc2][%cal
Gb4d3,Rb4c2]}) 13... a5 14. Ba3 (14. d4 $5) 14... Re8 15. Nc3 Nf6 {Schwarz übt
spürbar positionellen Druck aus - natürlich tauscht er nicht den Springer ab.}
(15... Nxc3 $6 16. dxc3 $11) 16. Rac1 h6 (16... Qd3 17. Rfd1 $15) (16... Qxd2
$4 17. Rfd1 $18) 17. h3 $6 {Ein Abwartezug, der allerdings den weißen
Königsflügel schwächt.} (17. Rfd1 Bg4 $15) 17... Qd7 18. g4 (18. Kh2 $2 Qxd2
$17) 18... Bc7 {[%cal Rb7b5,Rb5b4]} 19. b4 (19. Ne4 Nxe4 20. Qxe4 Qxd2 $17)
19... Nd5 (19... Bd6 {Droht 20...axb4.} 20. b5 (20. bxa5 b5 $19) 20... cxb5 21.
Nxb5 Bxa3 22. Rc7 $132) (19... Bc4 $1 20. d3 (20. Rfd1 Bd6 21. Ne4 Nxe4 22.
Rxc4 b5 $19) 20... Bxd3 21. Rfd1 e4 $17) 20. Bxd5 (20. b5 Nxc3 21. Rxc3 cxb5
22. Qc2 Bd6 (22... Bb6 23. Rd3 Qc8 $17) 23. Bxd6 Qxd6 24. Bxb7 Rad8 $17) (20.
Nxd5 Bxd5 21. Bxd5 Qxd5 $17) 20... Bxd5 21. b5 cxb5 22. Qxb5 (22. Nxb5 Bc6 $19)
22... Bc6 $17 {Schwarz hat klaren positionellen Vorteil. Sein Läuferpaar steht
stark, besonders wertvoll ist der weißfeldrige Bc6.} 23. Qe2 b5 $1 {[%mdl 1024]
Droht 24...b4 und 25...Bb5 mit Materialgewinn.} 24. Nxb5 $8 {Das ist die
einzige Möglichkeit für Weiß, um (noch) zu überleben.} Bxb5 25. Rxc7 Qxc7 (
25... Bxe2 26. Rxd7 Bxf1 27. Kxf1 Rad8 28. Rxd8 Rxd8 29. Ke2 $17) 26. Qxb5 Qc2
{[%cal Rc2a2,Rc2d2]} 27. Qd5 (27. Qb2 Qd3 $19) 27... Rad8 28. Qxa5 Rxd2 $19 {
Weiß hat einen Bauern für die Qualität, aber der Pa2 ist nicht zu halten. Die
weiße Königsstellung ist schrecklich schwach.} 29. Bb4 Rd1 30. Rxd1 Qxd1+ 31.
Kg2 h5 32. g5 (32. gxh5 Qxh5 $19 {[%cal Re8e6,Re6g6]}) 32... Qd7 {Droht 33...
Qc6+ und 34...Ra8.} 33. e4 Qd4 (33... Qd4 34. f3 Rc8 $19) 0-1

[Event "Bundesliga 0304"]
[Site "Germany"]
[Date "2004.03.28"]
[Round "13.1"]
[White "Markowski, Tomasz"]
[Black "Savchenko, Stanislav"]
[Result "1/2-1/2"]
[WhiteElo "2610"]
[BlackElo "2563"]
[Annotator "Ribli,Z"]
[PlyCount "123"]
[EventDate "2003.11.01"]
[EventType "team-tourn"]
[EventRounds "15"]
[EventCountry "GER"]
[SourceTitle "CBM 100"]
[Source "ChessBase"]
[SourceDate "2004.06.01"]
[SourceVersion "1"]
[SourceVersionDate "2004.06.01"]
[SourceQuality "1"]
[WhiteTeam "Plauen"]
[BlackTeam "Hofheim"]
[WhiteTeamCountry "GER"]
[BlackTeamCountry "GER"]

1. g3 e5 2. c4 Nf6 3. Bg2 Nc6 4. Nc3 Bc5 (4... Bb4 5. Nd5 $14) 5. d3 (5. e3 d5
6. cxd5 Nb4) (5. a3 $5) 5... O-O 6. e3 d6 7. Nge2 a6 8. O-O Ba7 9. b3 Bd7 {
Schwarz verfolgt eine einfache Strategie - er verteidigt den c6-Springer mit
dem Läufer und möchte den Plan b7-b5 vorbereiten.} 10. h3 Rb8 11. Bb2 b5 $11 {
Schwarz hat keine Entwicklungsprobleme und er hat eine bequeme, gleiche
Stellung.} 12. Rc1 Ne7 {Schwarz verbessert seine Springerstellung und in
folgendem kann er c7-c6 ziehen.} 13. Kh2 Be6 14. Qc2 c6 15. Nb1 {[%cal Gb1d2]
[%mdl 32] Weiß verbessert seine Springerstellung und bereitet 16.Nd2 vor.} Nd7
16. Nd2 d5 17. Ba3 {[%cal Ga3f8] Schwarz hat eine starke Zentrumstellung, aber
Weiß kontrolliert die wichtigsten Zentrumsfelder.} Re8 18. cxd5 cxd5 19. Bd6
Rb7 (19... Rc8 $2 20. Bc7 $18) 20. e4 d4 (20... dxe4 21. Bxe4 (21. dxe4 $11)
21... Nd5 22. d4 $13) 21. f4 {Plötzlich haben wir eine Stellung, die sehr
typisch für die Königsindische Verteidigung ist. Weiß hat einige Initiative am
Königsflügel.} f6 22. Nf3 $14 Bb8 23. fxe5 fxe5 24. Bxb8 (24. Ng5 $1 Qb6 (24...
Bxd6 25. Nxe6 Qb6 26. b4 $36 {[%cal Gc2b3,Gb3g8]}) 25. Nxd4 (25. Nxe6 Qxd6 26.
Ng5 Rc7 $11) 25... exd4 (25... Qxd4 26. Bxe7 Rxe7 (26... Rc7 27. Nxe6 Rxc2 28.
Nxd4 $18) 27. Qc8+ $18) 26. e5 $36) 24... Qxb8 (24... Rxb8 25. Qc7 $14) 25. Ng5
Rb6 (25... Rc8 26. Qd1 Rb6 $11) 26. b4 Qd6 27. a3 h6 28. Nxe6 Qxe6 $11 29. h4 {
[%cal Gg2h3,Gh3d7]} Nf6 {[%csl Yg4][%cal Gf6g4,Gg4h2]} 30. Bh3 Ng4+ 31. Bxg4 (
31. Kg1 $5 $14) 31... Qxg4 32. Qa2+ Kh7 33. Rf2 Ng6 34. Rc7 {Droht 35.Rxg7+
Kxg7 36.Qf7+.} Rc8 (34... Nxh4 $5) 35. Qf7 (35. Rxc8 Qxc8 36. h5 Ne7 $11) 35...
Rxc7 36. Qxc7 Re6 37. Ng1 Nxh4 38. Qd7 (38. gxh4 $2 Rg6 $19) 38... Ng6 39. Rf7
$2 (39. Nh3 $1 Ne7 40. Rf7 Qe2+ 41. Rf2 Qg4 $11) {[#]} 39... Nf4 $1 $17 {
[%mdl 128] Mit diesem starken Springerzug verteidigt Schwarz den g7-Bauern und
droht jetzt 40...Qh5+ mit Gewinn.} 40. gxf4 Qh4+ 41. Kg2 Rg6+ 42. Kf1 Qh5 {
[%csl Rf1][%cal Rh5d1,Rd1g1]} 43. Nh3 (43. Rxg7+ Rxg7 44. Qf5+ Qxf5 45. exf5
Rf7 $19) 43... Qd1+ 44. Kf2 Qd2+ 45. Kf1 Qxd3+ 46. Kf2 Qd2+ 47. Kf1 Qg2+ 48.
Ke1 Qxe4+ $19 {[%csl Re1,Ge4,Gg6] Schwarz hat schon drei Bauern für die Figur
und entscheidenden Angriff.} 49. Kf1 Qb1+ 50. Kf2 Qa2+ (50... e4 $2 51. Rxg7+ (
51. Qxd4 Qa2+ $19) 51... Rxg7 52. Qf5+ Kg8 53. Qc8+ Kf7 54. Qf5+ Ke7 55. Qc5+
$11) 51. Kf1 d3 52. Ng5+ $8 (52. Rxg7+ Rxg7 53. Qxd3+ Kh8 54. Qd8+ Qg8 $19)
52... hxg5 53. f5 Qe2+ $2 {Nach diesem Zug kann Schwarz die Partie nicht mehr
gewinnen.} (53... Rh6 $1 54. Rxg7+ Kh8 55. Qd8+ (55. Rh7+ Rxh7 56. Qe8+ Kg7 (
56... Qg8 57. Qxe5+ Rg7 58. Qh2+ Qh7 59. Qb8+ $11) 57. Qg6+ Kf8 58. Qxh7 Qe2+
$19) 55... Kxg7 56. Qxg5+ Kf7 57. Qxh6 Qe2+ 58. Kg1 Qg4+ 59. Kh1 Qxf5 $19) 54.
Kg1 $11 Qg4+ (54... Rh6 55. Rxg7+ Kh8 56. Qd8+ Kxg7 57. Qe7+ Kg8 58. Qe8+ $11)
(54... d2 55. fxg6+ Kh6 (55... Kxg6 $4 56. Rxg7+ Kh6 57. Rh7+ Kg6 58. Qf7#) 56.
Qh3+ Kxg6 57. Qf5+ Kh6 58. Qe6+ Kh5 $11 (58... g6 59. Qh3+ Qh5 60. Qxh5+ gxh5
61. Rd7 $18)) 55. Kf1 (55. Kf2 $11) 55... Qf4+ (55... Qf3+ 56. Kg1 Rh6 57.
Rxg7+ Kh8 58. Qe8+ Kxg7 59. Qe7+ $11) 56. Kg2 Qe4+ 57. Kf2 Qe2+ 58. Kg1 Qg4+
59. Kf2 Qf4+ 60. Kg2 Qe4+ 61. Kf2 Qe2+ 62. Kg1 1/2-1/2

[Event "Cali zt"]
[Site "Cali"]
[Date "1990.??.??"]
[Round "3"]
[White "Paneque, Pedro"]
[Black "Hernandez Guerrero, Gilberto Eduardo"]
[Result "1/2-1/2"]
[WhiteElo "2380"]
[BlackElo "2395"]
[Annotator "Ribli,Z"]
[PlyCount "122"]
[EventDate "1990.04.??"]
[EventType "tourn"]
[EventRounds "9"]
[EventCountry "COL"]
[EventCategory "7"]
[SourceTitle "CBM 019"]
[Source "ChessBase"]
[SourceDate "1990.12.01"]
[SourceVersion "1"]
[SourceVersionDate "1990.12.01"]
[SourceQuality "1"]

1. c4 g6 2. g3 Bg7 3. Bg2 e5 4. Nc3 Nc6 5. e3 d6 6. Nge2 h5 7. h3 (7. d4 h4 8.
d5 Nce7 9. e4 f5 10. Ng1 Nf6 11. Bg5 {Kortschnoj,V-Short,N Rotterdam 1990 CBM
18}) 7... Be6 (7... h4 8. g4 f5 9. gxf5 Bxf5 10. Ne4 Nf6 11. N2c3 O-O 12. d3
Nxe4 13. Bxe4 Qd7 14. Qb3 Nd8 15. Bd2 c6 16. O-O-O Ne6 $13 {Suba-Nunn
Amsterdam 1985 40/(40)}) 8. Nd5 h4 9. g4 f5 10. g5 (10. gxf5 $5) 10... Nce7 11.
d4 c6 12. Nxe7 Nxe7 13. d5 cxd5 14. cxd5 Bf7 15. O-O O-O (15... e4 16. Nf4 $13)
16. e4 Rc8 17. f3 Qb6+ 18. Kh1 Be8 19. Nc3 Bd7 20. Qe2 f4 21. Bd2 Kf7 (21...
Qxb2 22. Rab1 Qa3 23. Rxb7) 22. Be1 a6 23. Rg1 (23. Bxh4 $2 Rh8 $17) 23... Rh8
24. Bf1 Rh5 25. a4 Ng8 26. b4 $1 Qd8 27. b5 a5 28. b6 $5 Bf8 (28... Qxb6 29.
Rb1 Qc7 30. Nb5 $146) 29. Nb5 Qxb6 30. Qd2 Qd8 (30... Ra8 31. Rc1) 31. Qxa5
Rxg5 $1 32. Qxd8 Rxg1+ 33. Kxg1 Rxd8 34. Rc1 $1 Rc8 35. Rxc8 Bxc8 36. Bb4 $1
Bd7 37. Nxd6+ Bxd6 38. Bxd6 Kf6 39. a5 Nh6 40. Bb4 Nf7 41. Be1 Kg5 42. Kh2 Kh5
43. Be2 Kg5 44. Bf2 Nh6 45. Bb6 Nf7 46. Bc7 Kf6 47. Bf1 Ke7 48. Bb6 Kd6 49. Bf2
g5 50. Ba7 Kc7 51. Bb6+ Kd6 52. Kg2 Ba4 53. Kf2 Bd7 54. Ke1 Be8 55. Kd2 Ba4 56.
Ba7 Kc7 57. Bc5 Nd6 58. Bb4 Bd7 59. Bc5 Ba4 60. Be2 Bd7 61. Bf1 Ba4 {Ribli}
1/2-1/2

[Event "Bahrain"]
[Site "Bahrain"]
[Date "1990.??.??"]
[Round "2"]
[White "Nikolac, Juraj"]
[Black "Plaskett, H James"]
[Result "1-0"]
[WhiteElo "2485"]
[BlackElo "2470"]
[Annotator "Ribli,Z"]
[PlyCount "74"]
[EventDate "1990.??.??"]
[EventType "tourn"]
[EventRounds "11"]
[EventCountry "BAH"]
[EventCategory "7"]
[SourceTitle "CBM 020"]
[Source "ChessBase"]
[SourceDate "1991.02.01"]
[SourceVersion "1"]
[SourceVersionDate "1991.02.01"]
[SourceQuality "1"]

1. c4 e5 2. Nc3 Bb4 3. g3 (3. Nd5 $5 Ba5 4. b4 c6 5. bxa5 cxd5 6. cxd5 Qxa5 7.
e4 Nf6 8. f3 {Vaganian,R-Lobron,E Manila izt 1990 CBM/19 49/22}) 3... Bxc3 4.
bxc3 d6 (4... Ne7 5. Bg2 O-O 6. d3 Nbc6 7. Nh3 d6 8. O-O f5 {Kool,G-Hodgson,Ju
London Haringay 1989 CBM/14}) 5. Bg2 f5 6. Nf3 (6. d3 Nf6 7. Nh3 Nc6 8. Rb1 O-O
9. O-O Qe8 {Vaganian-Gulko Moskva GMA 1990 49/22}) 6... Nf6 7. O-O O-O 8. d3
Nc6 9. Rb1 Qe8 10. Ne1 $5 Qh5 11. f4 Re8 12. Nf3 e4 13. Nd4 Nxd4 14. cxd4 d5
15. cxd5 Nxd5 16. dxe4 fxe4 17. Qc2 c6 18. f5 $5 Bxf5 19. Rxb7 Bc8 20. Rb3 Bg4
21. Bxe4 Bxe2 22. Re1 Bb5 23. Qd2 Bc4 24. Ra3 (24. Rf3 $2 Rxe4 $1) 24... Qg4
25. Bf3 Rxe1+ 26. Qxe1 Qxd4+ 27. Kg2 Qf6 28. Qe4 Qf7 $1 $15 29. Qd4 a5 30. Bd2
a4 31. Qc5 Qe6 32. Kg1 Bb5 33. Bxd5 Qxd5 34. Qxd5+ cxd5 35. Re3 Rc8 36. Bc3 Kf7
37. a3 Rc4 {Zeit} 1-0

[Event "EU-chT (Men) 14th"]
[Site "Plovdiv"]
[Date "2003.10.19"]
[Round "8.2"]
[White "Georgiev, Vladimir"]
[Black "Berkes, Ferenc"]
[Result "0-1"]
[WhiteElo "2596"]
[BlackElo "2616"]
[Annotator "Ribli,Z"]
[PlyCount "100"]
[EventDate "2003.10.10"]
[EventType "team-swiss"]
[EventRounds "9"]
[EventCountry "BUL"]
[SourceTitle "CBM 098"]
[Source "ChessBase"]
[SourceDate "2004.02.03"]
[SourceVersion "1"]
[SourceVersionDate "2004.02.03"]
[SourceQuality "1"]
[WhiteTeam "Macedonia"]
[BlackTeam "Hungary"]
[WhiteTeamCountry "MKD"]
[BlackTeamCountry "HUN"]

1. c4 e5 2. g3 Nf6 3. Bg2 Nc6 {Meiner Meinung nach ist diese Zugfolge nicht
die beste Möglichkeit für Schwarz. Ich glaube, die Züge 3...d5 und 3...Bb4
bieten Schwarz mehr Ausgleichchancen.} 4. Nc3 Bb4 (4... Bc5 $5) 5. Nd5 {
Ich muss bemreken, dass Schwarz in der Variante 1.e4 c5 2.Nc3 Nc6 3.Nf3 g6 4.
Bb5 Nd4 dieselbe Variante spielt, wie hier Weiß (mit vertauschten Farben),
aber Weiß hat hier das wichtige Plustempo mit Bg2.} O-O (5... Bc5 6. e3 d6 7.
Ne2 $14) 6. a3 (6. e3 Nxd5 7. cxd5 Ne7 8. Ne2 c6 9. a3 Bd6 10. Nc3 b6 $13) (6.
Nxb4 $5 {Dieser einfache Zug gibt Weiß Läuferpaar und einen kleinen
Positionsvorteil.} Nxb4 7. d3 $14) 6... Bd6 (6... Bc5) 7. Nc3 {Auf diese Weise
verhindert Weiß den schwarzen Plan, welcher Nxd5 und Ne7 ist, mit der Idee
c7-c6.} (7. Nxf6+ Qxf6 8. d3 b6 9. Nf3 Bb7 10. Ng5 Nd8 11. Ne4 Qg6 12. O-O f5
13. Nxd6 Qxd6 14. Bxb7 Nxb7 15. b4 {1/2-1/2 Plachetka,J-Kholmov,R/Trencianske
Teplice 1979/MCD (35)}) 7... Re8 8. d3 Bf8 9. e4 $6 {Dieser Zug gefällt mir
nicht, weil Weiß das d4-Feld schwächt. Es wäre viel besser entweder mit 9.e3
fortzusetzen, oder 9.Nf3 zu ziehen - in beiden Fällen mit etwas besseren
Aussichten für Weiß.} (9. e3 Ne7 10. e4 c6 11. Bg5 Ng6 12. Nge2 h6 13. Bd2 Ne7
14. f4 exf4 15. gxf4 d5 16. e5 Ng4 17. h3 d4 18. hxg4 dxc3 19. Bxc3 Bxg4 20. d4
Ng6 21. O-O Nh4 22. Be4 Nf5 23. Bxf5 Bxf5 24. Ng3 {1-0 Spraggett,K-Adams,M/
Hastings 1989/TD (49)}) (9. Nf3 $5) 9... Nd4 $11 {[%csl Gd4] Dank dem Zug 9.
e4?! hat Schwarz die Herrschafft über das d4-Feld.} 10. Nge2 (10. b4 a5 11. Rb1
axb4 12. axb4 d5 $5 13. cxd5 c6 $36) 10... Nxe2 11. Qxe2 Bc5 {[%csl Gc5][%cal
Gc5g1] Es ist wahr, dass der schwarze dunkelfarbige Läufer schon viel
gearbeite hat t mit 4...Bb4, 6...Bd6 und 8...Bf8, aber endlich steht er
wirklich gut und kontrolliert die Diagonale a7-g1.} 12. O-O d6 13. h3 $6 {
Weiß möchte den c5-Laufer nicht tauschen (welches klar die beste Figur in der
schwarze Stellung ist), sonst bereitet er f2-f4 vor.} (13. Be3 $11) 13... c6
14. Kh2 (14. Be3 $11) 14... Bd4 15. Qc2 (15. Be3 $142) 15... a6 (15... a5 $11)
16. Ne2 (16. Be3 $142) 16... Ba7 17. b4 (17. f4 $5 {Nach 13.h3 und 14.Kh2 wäre
dieser Zug logisch.}) 17... b5 18. Bb2 (18. cxb5 cxb5 19. f4 $11) 18... Qe7 19.
Rae1 (19. f4 $5) 19... bxc4 20. dxc4 (20. Qxc4 c5 $11 (20... d5 $6 21. Qxc6 Bb7
22. Qc2 Rac8 23. Qb1 $14)) 20... a5 $1 {Früher, oder später spielt Weiß f4,
deshalb möchte Schwarz am Damenflügel Gegenspiel finden.} 21. f4 axb4 22. axb4
Rb8 23. Ra1 (23. Bc3 $11) 23... Rxb4 $5 {Mit diesem Zug opfert Schwarz
eigentlich die Qualität.} 24. fxe5 dxe5 25. Ba3 {[%cal Ra3e7]} c5 (25... Bc5
26. Bxb4 Bxb4 $44) 26. Bxb4 cxb4 27. Ra5 Bc5 $44 {[%csl Gc5,Yd4][%mdl 1024]
Schwarz hat Läufer und Bauern für die Qualität und hat offensichtlich die
Kontrolle über die dunkelfarbigen Punkte.} 28. Nc1 Be6 29. Nb3 (29. Nd3 Bd4 $44
) 29... Nd7 (29... Bd6 $44 {[%cal Ge8c8,Gc8c2]}) 30. Rfa1 (30. Rd1 Bd6 31. Ra7
$14) 30... h5 {[%cal Gh5h4]} 31. Nxc5 Nxc5 32. Qf2 $6 (32. Qb2 {[%cal Gb2b4,
Gb2e5]} Nd7 $1 (32... h4 33. Qxb4 hxg3+ 34. Kxg3 $4 (34. Kh1 Rc8 35. Ra8 $36)
34... Nxe4+ {[%cal Re4g3,Re7b4]}) 33. c5 Nb8 $44 {[%cal Gb8c6]}) 32... Nb3 {
[%cal Rb3a1,Rb3a5,Gb3d4]} 33. Ra7 Qf8 34. R1a6 Nd4 $15 {[%csl Gd4,Rg2][%mdl
2048] Der schwarze Springer steht ausgezeichnet auf d4 und dominiert auf dem
Brett Ich muss auch bemerken, dass der g2B sehr passiv steht.} 35. Bf1 b3 {
[%csl Gb3]} 36. Rb6 Ra8 $1 {Die weißen Türme stehen aktiv am Damenflügel, so
dass eine gute Idee für Schwarz ist, die Türme tauschen.} 37. Rxa8 Qxa8 38. c5
Qa2 $17 (38... Qxe4 $17) 39. Kg1 (39. Qxa2 bxa2 40. Ra6 Nc2 $19) 39... Qa5 40.
g4 (40. Rb8+ Kh7 $17 {[%csl Rc5][%cal Ra5c5]}) 40... Qxc5 41. Rb8+ Kh7 42. gxh5
Qa7 43. Rb4 (43. Rd8 b2 44. Qxb2 Ne2+ 45. Kg2 Qg1+ 46. Kf3 Qg3+ 47. Kxe2 Qh2+
$19) 43... Qe7 44. Rb8 Qc7 45. Rb4 Qd6 46. Rb7 Qc6 {[%cal Rc6b7,Rc6e4]} 47. Rb8
Qxe4 $19 {Auch mit dem e4-Schlüsselbauern verliert Weiß die Partie. Er hat
keine Verteidigung gegen die vielseitigen schwarzen Drohungen am Königsflügel.}
48. Qg3 Nf3+ 49. Kf2 Bd5 (49... Qe1+ 50. Kg2 (50. Kxf3 Bd5+ 51. Kg4 Qe4+ 52.
Kg5 f6#) 50... Nh4+ 51. Kh2 Qxf1 52. Qxh4 Bd5 $19) 50. Kg2 Nd2+ (50... Nd2+ 51.
Kf2 Qd4+ 52. Qe3 Ne4+ 53. Ke2 Nc3+ $19) 0-1